00822nam a2200205Ia 4500003000400000005001700004008004100021020001800062040000900080082001700089100002500106245007700131260004600208300000900254650002400263942004000287952013700327952013700464999001500601OSt20200817102546.0190216s9999||||xx |||||||||||||| ||und|| a9788173193774 coclc a547.2bAHL/O aAhluwalia, V K94137 0aOrganic Synthesis :bSpecial Techniques /cV K Ahluwalia ; Renu Aggarwal bNarosa Pubshing House,a2001.cNew Delhi: a200p aChemistry-Chemistry cBK2ddch547.2iAHL/Ok547.2mAHL/O 00102ddc40708CHEMISTRYaMESbMEScCHEd2019-02-20g225.00l0o547.2 AHL/Op30355r2019-02-20 00:00:00t2w2019-02-20yBKzGL29R2 00102ddc40708CHEMISTRYaMESbMEScCHEd2019-02-20g240.00l0o547.2 AHL/Op31029r2019-02-20 00:00:00t1w2019-02-20yBKzGL29R2 c3386d3386